|
|
|
|
| LEADER |
01670nam a2200421 a 4500 |
| 001 |
nkc20051569944 |
| 003 |
CZ PrNK |
| 005 |
20051220122414.0 |
| 007 |
ta |
| 008 |
050601s2005 xr af e f 000 0 ger |
| 015 |
|
|
|a cnb001569944
|
| 020 |
|
|
|a 80-7322-078-4
|q (brož.)
|
| 035 |
|
|
|a (OCoLC)38151837
|
| 040 |
|
|
|a BOA001
|b cze
|d ABA001
|
| 041 |
1 |
|
|a ger
|h cze
|
| 072 |
|
7 |
|a 641
|x Kuchařství. Potraviny. Vařená jídla
|2 Konspekt
|9 19
|
| 080 |
|
|
|a 641.568(437.3)
|2 MRF
|
| 080 |
|
|
|a (083.12)
|2 MRF
|
| 100 |
1 |
|
|a Doležal, Vladimír,
|d 1952 srpen 24.-
|7 jn19981000720
|4 aut
|4 pht
|
| 245 |
1 |
0 |
|a Kochbuch :
|b Spezialitäten der tschechischen Küche /
|c Fotos Vladimír Doležal ; Illustrationen Miloslav Martenek ; [Verfassung Vladimír Doležal, Alena Doležalová, Věra Mikulová ; Übersetzung Jana Paulová]
|
| 246 |
3 |
0 |
|a Spezialitäten der tschechischen Küche
|
| 246 |
1 |
8 |
|a Kochbuch - Spezialitäten der tschechischen Küche
|
| 250 |
|
|
|a 3. Ausg.
|
| 260 |
|
|
|a České Budějovice :
|b Dona,
|c 2005
|
| 300 |
|
|
|a 102 s., [8] s. barev. obr. příl. :
|b il. ;
|c 20 cm
|
| 500 |
|
|
|a Přeloženo z češtiny
|
| 650 |
0 |
7 |
|a česká jídla
|7 ph116856
|2 czenas
|
| 650 |
0 |
9 |
|a Czech cookery
|2 eczenas
|
| 655 |
|
7 |
|a kuchařské recepty
|7 fd132687
|2 czenas
|
| 655 |
|
9 |
|a cookbooks
|2 eczenas
|
| 700 |
1 |
|
|a Doležalová, Alena,
|d 1958-
|7 mzk2003175510
|4 aut
|
| 700 |
1 |
|
|a Mikulová, Věra,
|d 1963-
|7 mzk2002160569
|4 aut
|
| 700 |
1 |
|
|a Martenek, Miloslav,
|d 1933-
|7 jn20000401735
|4 ill
|
| 910 |
2 |
|
|a BOA001
|b 2-1155.517
|
| 990 |
|
|
|a BK
|
| 995 |
|
|
|a 01
|
| 991 |
|
|
|b 200509
|c NOV
|
| 996 |
6 |
|
|b 2610255864
|c 2-1155.517
|l MZK
|r Sklad / do 1 hodiny
|n 0
|p p.v.
|w 000783184
|u 000010
|a 1
|e BOA001
|j MZK50
|s P
|